00516nam a2200193 a 4500001001300000003000900013005001700022008004100039020001000080082001700090100002100107245005900128260003800187300000800225500003500233505002100268650001200289700002100301nice12345678IN_TiNIC20260116011501.0050524s1921 newa grp 000 0 eng  ac10000a296.123bWIL aWilliam, A Lukyn aTractate Berakothb Benedictions, Mishna and Tosephta. aNew YorkbMacmillan Companyc1921 a95p aincludes index and biblioraphy2 aBiblio..., Index aMishnah1 aWilliam, A Lukyn